[Event "Hampstead op U2200 11-A"]
[Site "Hampstead"]
[Date "2013.11.24"]
[Round "5"]
[White "Gee Grant, Aimee"]
[Black "Gelain Sohn, Emmanuelle"]
[Result "0-1"]
[WhiteElo "1034"]
[BlackElo "1258"]
[PlyCount "174"]
[EventDate "2013.11.23"]
[EventType "swiss"]
[EventRounds "5"]
[EventCountry "ENG"]
[SourceTitle "EXT 2015"]
[Source "ChessBase"]
[SourceDate "2014.11.20"]
[SourceVersion "1"]
[SourceVersionDate "2014.11.20"]
[SourceQuality "1"]

1. e3 c5 2. d4 cxd4 3. exd4 d5 4. Nf3 Nc6 5. Bd3 g6 6. 0-0 Bg7 7. Nc3 Bg4 8. b3 Bxf3 9. Qxf3 Nxd4 10. Qd1 e6 11. Bb2 Ne7 12. Nb5 Nec6 13. Qg4 e5 14. Nxd4 Nxd4 15. Rae1 0-0 16. Qg3 e4 17. Qe3 Nf5 18. Qc5 Bxb2 19. Bb5 a5 20. Rd1 Rc8 21. Qa7 b6 22. Qb7 Rb8 23. Qc6 Nd4 24. Rxd4 Bxd4 25. Rd1 Rc8 26. Qb7 Rc7 27. Qa6 Be5 28. Qxb6 Rxc2 29. Qb7 Bf4 30. Rxd5 Rc1+ 31. Bf1 Qf6 32. g3 Bb8 33. Qd7 Rc2 34. Rd2 Rxd2 35. Qxd2 Rd8 36. Qxa5 Qd6 37. Qe1 Qe6 38. Bc4 Qf6 39. Qxe4 Rd4 40. Qe8+ Kg7 41. Qxb8 Qf3 42. Qe5+ Qf6 43. Qxf6+ Kxf6 44. a4 Kf5 45. a5 Rd7 46. a6 Rc7 47. Kf1 Ke4 48. Ke2 f5 49. Bd3+ Kd4 50. b4 Ra7 51. b5 Re7+ 52. Kd2 Kc5 53. Kc3 Kb6 54. Kc4 Rc7+ 55. Kd5 Rc1 56. Bc4 Rd1+ 57. Ke5 Kc5 58. a7 Ra1 59. b6 Kxb6 60. a8Q Rxa8 61. Bd5 Ra5 62. Kd6 Rb5 63. Ke5 Rb2 64. Kd4 Rxf2 65. Ke3 Rxh2 66. Kf3 Rd2 67. Bg8 h5 68. Bh7 Rd6 69. Kf4 Rd3 70. Bxg6 Kc5 71. Bxf5 Rd4+ 72. Kg5 Rd5 73. Kf4 Rd8 74. Kg5 Rd5 75. Kf4 Kd4 76. Kg5 Ke3 77. Kg6 Kf3 78. Be6 Rc5 79. g4 hxg4 80. Kf6 g3 81. Kf7 g2 82. Kf6 g1Q 83. Ke7 Qg7+ 84. Kd6 Qe5+ 85. Ke7 Rc7+ 86. Kd8 Qd6+ 87. Ke8 Qe7# 0-1